000 00493nam a22001697a 4500
005 20150217083420.0
008 150213b mx||||| |||| 00| 0 spa d
020 _a9684014201
050 0 4 _aKGF5469.P9
100 1 _aGuadarrama Gonzalez, Alvaro
245 1 3 _aLa pena de muerte /
_cAlvaro Guadarrama Gonzalez.
250 _a1a ed.
260 _aMéxico :
_bCardenas Editor Distribuidor,
_c2000
300 _axi, 227 p. ;
_c21 cm.
650 7 _2Lemb
_aPena de muerte
_zMéxico
942 _2lcc
_cLIB
999 _c88464
_d88464